000 005180000a22001810004500
003 MACL
005 20160224172136.0
008 160224b xxu||||| |||| 00| 0 eng d
040 _aMACL
_cMACL
041 _aHindi
082 _a800
100 _aदिवाकर रधुनाथ
_939978
245 _aअन्‍तरात्‍मा से
260 _bराजकमल प्रकाशन
_aनई दिल्‍ली
350 _a2
650 _aLiterature
_940185
942 _cHIN
_k800
_2ddc
999 _c24373
_d24373